| 000 | 00441nam a2200169Ia 4500 | ||
|---|---|---|---|
| 005 | 20140402111802.0 | ||
| 008 | 140130s9999 xx 000 0 und d | ||
| 050 |
_aF 596 _b.K365 2006 |
||
| 245 |
_cKamma, Anne _aIf you were a pioneer on the prairie |
||
| 260 |
_bScholastic, _c2003 |
||
| 300 |
_a64 p. : _bcol. ill., maps ; _c19 x 23 cm. |
||
| 440 |
_v1 _931174 |
||
| 521 | _aG5 | ||
| 526 | _c750 | ||
| 942 |
_cBK _2lcc |
||
| 999 |
_c41087 _d41087 |
||